000 00316nam a2200121Ia 4500
008 231129s1996||||xx |||||||||||||| ||spa||
040 _bspa
082 _aCo863.0861342 P418
245 0 _aPensamiento Quindiano: octava feria internacional del libro
260 _c1996
264 _aLitografia Luz
942 _2ddc
_cBKS
999 _c22574
_d22574